00756nam a2200205Ia 4500020001800000082001800018245007600036260004000112300001000152504001900162650005100181650005100232650006700283650004800350650003800398650003500436650003300471700002800504700001800532 a81-7494-022-7 a325.0973 THR; 0aThreatened peoples, threatened borders: World migration and U.S. policy aDelhibUniversal Book Tradersc1995 a336p. aIncludes index aEmigration and immigration - government Policy aImmigrants - Government policy - United States aUnited States - Emigration and immigration - Government policy aRefugees - Government policy - United State aUnited States - Foreign relations aImmigrants - Government policy aRefugees - Government policy aTeitelbaum, Michael S. aWeiner, Myron